000 00404cam a2200181ua 4500
020 _c2
041 _ahin
_h
082 _a891.43
_bDOS/JU
100 _aDostoye, vsky .
245 _aJuari /
_cDostoyevsky.
_hTextual Documents
250 _a1 /
_b.
260 _a :
_bHind Pocket books Pvt Ltd ,
_c1984.
300 _a128 ; .
365 _a2
504 _a
942 _cBK
999 _c2937
_d2937